Central Library OPAC University of Rajshahi

Promotion of learning in India during Muhammadan rule (by Muhammadans) / (Record no. 50192)

MARC details
000 -LEADER
fixed length control field 01060nam a2200301 a 4500
001 - CONTROL NUMBER
control field 50192
003 - CONTROL NUMBER IDENTIFIER
rucl marc code BD-RjUL
005 - DATE AND TIME OF LATEST TRANSACTION
control field 20211209075455.0
008 - FIXED-LENGTH DATA ELEMENTS--GENERAL INFORMATION
fixed length control field 160824s1973 ii a 001 0 eng d
035 ## - SYSTEM CONTROL NUMBER
System control number (BD-RjUL)50312
040 ## - CATALOGING SOURCE
Original cataloging agency OSU
Transcribing agency OSU
Modifying agency OCL
-- BD-RjUL
Language of cataloging eng
041 ## - LANGUAGE CODE
Language code of text/sound track or separate title eng
082 ## - DEWEY DECIMAL CLASSIFICATION NUMBER
Edition number 23
Classification number 370.954
Author mark and year LAP 1973
098 ## - OTHER CLASSIFICATION SCHEMES (OCLC)
Call number based on other classification scheme La3
100 1# - MAIN ENTRY--PERSONAL NAME
Personal name Law, Narendra Nath,
Dates associated with a name 1889-
9 (RLIN) 150278
245 10 - TITLE STATEMENT
Title Promotion of learning in India during Muhammadan rule (by Muhammadans) /
Statement of responsibility, etc. by Narendra Nath Law, with a foreword by H. Beveridge.
260 ## - PUBLICATION, DISTRIBUTION, ETC. (IMPRINT)
Place of publication, distribution, etc. Delhi :
Name of publisher, distributor, etc. Idarah-1 Adabiyat-1,
Date of publication, distribution, etc. 1973
300 ## - PHYSICAL DESCRIPTION
Pagination xlviii, 259 p. :
Illustrations ill. ;
Size 25 cm.
490 ## - SERIES STATEMENT
Series statement Iad oriental series ;
Volume/sequential designation 14
500 ## - GENERAL NOTE
General note Include index
504 ## - BIBLIOGRAPHY, ETC. NOTE
Bibliography, etc Bibliography: p. xxxvii-xlii.
650 #0 - SUBJECT ADDED ENTRY--TOPICAL TERM
Topical term or geographic name as entry element Education and state
Geographic subdivision India.
9 (RLIN) 133474
Topical term or geographic name as entry element Cultural policy.
9 (RLIN) 150454
Topical term or geographic name as entry element Muslims
Geographic subdivision India.
9 (RLIN) 150455
700 1# - ADDED ENTRY--PERSONAL NAME
Personal name Beveridge, Henry,
Dates associated with a name 1837-1929.
830 ## - SERIES ADDED ENTRY--UNIFORM TITLE
Uniform title Iad oriental series ;
Volume number/sequential designation 14
942 ## - ADDED ENTRY ELEMENTS (KOHA)
Source of classification or shelving scheme Dewey Decimal Classification
Koha item type Books
Holdings
Lost status Source of classification or shelving scheme Damaged status Not for loan Collection code Permanent Location Current Location Shelving location Date acquired Source of acquisition Total Checkouts Full call number Date last seen Copy number Koha item type
  Dewey Decimal Classification     Non-fiction Central Library, University of Rajshahi Central Library, University of Rajshahi   02/07/1974 Indian Govt.   370.954 LAP 1973 24/08/2016 C-2 Books